La Práctica de la arqueología en el Valle Central de Costa Rica: comentarios y perspectivas /
Se informa sobre el desarrollo de la disciplina arqueológica en el valle Central de Costa Rica. Se indica que existen tres corrientes principales, una relacionada con el modelo histórico-cultural, otra es el procesal cultural y finalmente la arqueología social. cada uno de estas enfatiza en aspectos...
Salvato in:
| Autore principale: | |
|---|---|
| Altri autori: | |
| Natura: | testo |
| Soggetti: | |
| Tags: |
Aggiungi Tag
Nessun Tag, puoi essere il primo ad aggiungerne!!
|
MARC
| LEADER | 00000 a a2200000 04500 | ||
|---|---|---|---|
| 001 | 14775 | ||
| 003 | |||
| 040 | |||
| 100 | |a Chávez Ch, Sergio | ||
| 245 | |a La Práctica de la arqueología en el Valle Central de Costa Rica: comentarios y perspectivas / |c Sergio Chávez Ch ; Ana Cecilia Arias Quirós | ||
| 520 | |a Se informa sobre el desarrollo de la disciplina arqueológica en el valle Central de Costa Rica. Se indica que existen tres corrientes principales, una relacionada con el modelo histórico-cultural, otra es el procesal cultural y finalmente la arqueología social. cada uno de estas enfatiza en aspectos que lo ubican dentro de corrientes filosóficas diferentes como lo es el idealismo y el materialismo. Las dos primeras corrientes abordan a la cultura y a los procesos culturales que se han dado, mientras que el tercero se centra ante todo en la sociedad y sus procesos histórico-sociales. Se le dan elementos al lector para que comprenda como se conforman cada uno de los modelos y a la vez hacer énfasis en el cambio que ha venido sufriendo la práctica de la Arqueología en el Valle Central costarricense. Se hace un llamado para apoyar un plan y ejecución de una política sobre la arqueología y su rescate, con ello se busca recobrar la evidencia arqueológica que se encuentra en peligro de destrucción. LOB/LOB | ||
| 650 | |a PUB.IIS | ||
| 650 | |a ARQUEOLOGIA | ||
| 650 | |a CIENCIAS SOCIALES | ||
| 650 | |a ANALISIS HISTORICO | ||
| 650 | |a VALORES CULTURALES | ||
| 650 | |a FACTORES CULTURALES | ||
| 700 | |a Arias Quirós, Ana Cecilia | ||
| 773 | |g número 37 -38; páginas 119-130 | ||
| 999 | |c 30135 |d 30135 | ||
| 773 | 0 | |0 18728 |9 4439 |a Universidad de Costa Rica. |d San José, Costa Rica Editorial UCR 1959- |o 16834 |t Revista de Ciencias Sociales/ |x 04825276 | |
